| Tag |
First Indicator |
Second Indicator |
Subfields |
| LEADER |
00000cam a2200000 i 4500 |
| 001 |
in00000595621 |
| 005 |
20151014164627.0 |
| 008 |
750515m19751976enka b 00110 eng |
| 010 |
|
|
|a 75016157
|
| 020 |
|
|
|a 0470127708 (v. 1, Halsted Press)
|
| 035 |
|
|
|a (OCoLC)01919414
|
| 035 |
|
|
|9 ACS4063AM
|
| 040 |
|
|
|a DLC
|c DLC
|d TXA
|d UtOrBLW
|
| 049 |
|
|
|a TXAM
|v 1 [1236903]
|v 2 [1111467]
|
| 050 |
0 |
0 |
|a QP571
|b .B87 1975
|
| 082 |
0 |
|
|a 599/.01/927
|
| 100 |
1 |
|
|a Butt, Wilfrid R.
|
| 245 |
1 |
0 |
|a Hormone chemistry /
|c W. R. Butt.
|
| 250 |
|
|
|a 2d (rev.) ed.
|
| 264 |
|
1 |
|a Chichester, Eng. :
|b Ellis Horwood ;
|a New York :
|b Halsted Press,
|c [1975-1976]
|
| 264 |
|
4 |
|c ©1975-1976
|
| 300 |
|
|
|a 2 volumes :
|b illustrations ;
|c 24 cm.
|
| 336 |
|
|
|a text
|b txt
|2 rdacontent
|
| 337 |
|
|
|a unmediated
|b n
|2 rdamedia
|
| 338 |
|
|
|a volume
|b nc
|2 rdacarrier
|
| 504 |
|
|
|a Includes bibliographical references and index.
|
| 505 |
0 |
|
|a v. 1. Protein, polypeptide & peptide hormones.--v. 2. Steroids, thyroid hormones, biogenic amines and prostaglandins.
|
| 650 |
|
0 |
|a Hormones.
|
| 650 |
|
2 |
|a Hormones
|x physiology.
|
| 999 |
|
|
|a MARS
|
| 999 |
f |
f |
|s c4bccd10-f2d8-3e5d-8621-37a683f4caf8
|i 5478caa1-10f9-3a59-ae7d-a6f39f12541b
|t 0
|
| 952 |
f |
f |
|p ric
|a Texas A&M University
|b Rellis Campus
|c Joint Library Facility
|d Remote Storage
|t 0
|e QP571 .B87 1975
|h Library of Congress classification
|i unmediated -- volume
|k v.1
|m A14805024593
|
| 952 |
f |
f |
|p ric
|a Texas A&M University
|b Rellis Campus
|c Joint Library Facility
|d Remote Storage
|t 0
|e QP571 .B87 1975
|h Library of Congress classification
|i unmediated -- volume
|k v.2
|m A14805024608
|
| 998 |
f |
f |
|a QP571 .B87 1975
|s v.1-2
|t 0
|l Remote Storage
|